[Event "Groningen Festival 2019-A"]
[Site "Groningen"]
[Date "2019.12.22"]
[Round "2.6"]
[White "Lubbe, Melanie"]
[Black "Poetsch, Hagen"]
[Result "0-1"]
[WhiteElo "2279"]
[BlackElo "2522"]
[Annotator "TA"]
[PlyCount "128"]
[EventDate "2019.12.15"]
[EventType "swiss"]
[EventCountry "NED"]
[SourceTitle "playchess.com"]
[Source "ChessBase"]
[SourceQuality "1"]

{[%evp 10,128,34,18,45,37,39,33,68,38,31,24,39,16,32,25,39,-25,-20,-63,-81,-54,-39,-43,0,-47,20,21,33,0,-3,-46,-33,-25,-25,-25,-23,-29,-37,-36,-4,-14,-16,-14,-18,-22,-22,-76,-70,-61,0,0,0,0,0,0,40,40,122,125,175,46,46,46,74,46,46,46,46,46,46,46,46,46,46,0,0,0,0,0,0,0,0,-8,0,-8,-8,-8,-7,-8,-8,-514,-507,-507,-499,-470,-470,-437,-426,-404,-404,-349,-125,-180,0,0,0,0,-8,-8,0,-518,-503,-473,-459,-408,-386,-29976,-29977,-29972,-29957]} 1. e4 c5 2. Nf3 e6 3. d4 cxd4 4. Nxd4 a6 5. Nc3 d6 6. Bd3 g6 {B54: Sicilian: 2...d6 3 d4 cxd4 4 Nxd4, Unusual Lines} (6... Ne7 7. O-O Nec6 8. Nce2 Be7 9. c3 b6 10. f4 Bb7 11. Be3 Nd7 12. Nxc6 Bxc6 13. Nd4 Bb7 14. f5 {1-0 (25) Anand,V (2779)-Caruana,F (2823) Saint Louis 2016}) 7. O-O Bg7 8. Be3 Ne7 {White is slightly better.} 9. f4 Nbc6 $146 ({Predecessor:} 9... Nec6 10. Nf3 O-O 11. f5 Ne5 12. Nxe5 dxe5 13. Qf3 Nd7 14. fxe6 fxe6 15. Qh3 Nf6 {1-0 (31) Lallemand,R (2289)-Helm,L (2124) Germany 2001}) 10. Nxc6 bxc6 11. Na4 Rb8 12. c4 O-O 13. Rc1 ({Better is} 13. Bc2 $14) 13... c5 $11 14. e5 dxe5 15. Bxc5 exf4 16. Be4 ({But not} 16. Rxf4 Bd7 $17) 16... Bd7 {Threatens to win with ...Bxa4.} 17. b3 f5 (17... Bxa4 $15 18. Qxd8 Rfxd8 19. Bxe7 Rd4) 18. Bf3 Re8 19. Bd6 Rc8 20. Rf2 Bxa4 21. bxa4 Nc6 {Hoping for ...Bd4.} 22. Rd2 Qg5 23. Bxc6 Rxc6 24. Qf3 {[%mdl 64] Double Attack} Rec8 25. c5 $1 Qf6 26. Qxf4 e5 27. Qc4+ Qf7 28. Qxf7+ (28. Qh4 $11 {keeps the balance.}) 28... Kxf7 $17 29. Rb1 e4 (29... Ke6 $15) 30. Rb7+ $11 Kg8 31. Kf1 Bc3 32. Rd1 Re8 33. Ke2 Ba5 (33... h5 $14) 34. Rdb1 $16 f4 35. Rb8 (35. Rd7 $1 $18) 35... Rxb8 $1 $14 36. Rxb8+ {[%mdl 4096] Endgame KRB-KRB} Kg7 37. Rb7+ ({Much weaker is} 37. Bxf4 Rxc5 38. Ra8 Rc2+ 39. Kf1 Rxa2 $11) 37... Kf6 $1 38. Rxh7 Bb4 39. Bxf4 Rxc5 40. Rc7 Rxc7 41. Bxc7 {KB-KB} Ke6 42. h4 Kf5 43. Bd8 Bd6 44. Kf2 Bc5+ 45. Kg3 Be3 46. Kh3 Bh6 47. Bc7 e3 48. g4+ Ke4 {White must now prevent ...e2.} 49. Kg2 e2 50. Kf2 $2 {[%mdl 8192]} (50. Ba5 $1 $11 {and White is okay.}) 50... Kd3 $1 $19 51. g5 Bg7 {( -> ...Bc3)} 52. Ba5 Bd4+ $1 53. Kf3 Be3 $1 {[%cal Re3d2] aiming for ...Bd2.} 54. Be1 Bd2 55. Kf2 {and the idea a5 leaves White hopeful.} Bc1 $2 (55... a5 $1 $19 56. a3 Be3+ 57. Kg3 Kc2) 56. Kf3 (56. a5 $17 {was necessary.}) 56... Be3 $2 ({Black should play} 56... a5 $1 $19) 57. a5 $1 $11 Bd2 58. Kf2 Bc1 59. Kf3 $1 Be3 60. Kg2 $2 {[%mdl 8192] [#]} (60. h5 $1 $11 {and White stays safe.}) 60... Kc2 $1 $19 61. Kf3 Kd1 62. Bg3 {[#]} Bd2 $1 {[%cal Rd2e1] Strongly threatening ...Be1.} 63. Kg4 $2 (63. h5 $19 gxh5 64. g6) 63... Be1 64. Bd6 {[#]} Bxh4 $1 {[%mdl 512] Accuracy: White = 41%, Black = 54%.} 0-1

[Event "Groningen Festival 2019-A"]
[Site "Groningen"]
[Date "2019.12.22"]
[Round "2.7"]
[White "Gleizerov, Evgeny"]
[Black "Sodoma, Jan"]
[Result "1-0"]
[WhiteElo "2508"]
[BlackElo "2312"]
[Annotator "ChessBase"]
[PlyCount "57"]
[EventDate "2019.12.15"]
[EventType "swiss"]
[EventCountry "NED"]
[SourceTitle "playchess.com"]
[Source "ChessBase"]
[SourceQuality "1"]
[TimeControl "40/5400+30:1800+30"]

1. d4 {[%emt 0:00:00]} Nf6 {[%emt 0:08:38]} 2. c4 {[%emt 0:00:00]} e6 {[%emt 0:00:06]} 3. g3 {[%emt 0:00:00]} d5 {[%emt 0:00:28]} 4. Nf3 {[%emt 0:00:00]} dxc4 {[%emt 0:00:17]} 5. Bg2 {[%emt 0:00:00]} c5 {[%emt 0:00:13]} 6. O-O {[%emt 0:00:00]} Nc6 {[%emt 0:00:14]} 7. Qa4 {[%emt 0:00:00]} Bd7 {[%emt 0:00:35]} 8. Qxc4 {[%emt 0:00:03]} b5 {[%emt 0:00:33]} 9. Qc3 {[%emt 0:00:07]} Qb6 {[%emt 0:13:23]} 10. Be3 {[%emt 0:15:42]} Nd5 {[%emt 0:02:57]} 11. dxc5 {[%emt 0:01:09]} Qa6 {[%emt 0:07:44]} 12. Qd2 {[%emt 0:01:58]} Rc8 {[%emt 0:01:31]} 13. Rc1 {[%emt 0:05:58]} b4 {[%emt 0:04:58]} 14. Nd4 {[%emt 0:05:26]} Ne5 {[%emt 0:07:18]} 15. Bf4 {[%emt 0:24:10]} Ng6 {[%emt 0:04:58]} 16. Bxd5 {[%emt 0:07:38]} exd5 {[%emt 0:00:10]} 17. Qe3+ {[%emt 0:00:31]} Be7 {[%emt 0:01:49]} 18. c6 {[%emt 0:03:48]} Bxc6 {[%emt 0:01:33]} 19. Nf5 {[%emt 0:00:15]} Kf8 {[%emt 0:01:28]} 20. Nxe7 {[%emt 0:00:56]} Nxe7 {[%emt 0:00:03]} 21. Bd6 {[%emt 0:00:22]} Qb7 {[%emt 0:01:02]} 22. Nd2 {[%emt 0:01:09]} h5 {[%emt 0:00:07]} 23. Nb3 {[%emt 0:03:00]} Qd7 {[%emt 0:01:28]} 24. Bxb4 {[%emt 0:00:28]} Rh6 {[%emt 0:00:42]} 25. Nd4 {[%emt 0:01:09]} Re8 {[%emt 0:01:12]} 26. Nxc6 {[%emt 0:03:31]} Rxc6 {[%emt 0:00:16]} 27. Rxc6 {[%emt 0:00:10]} Qxc6 {[%emt 0:00:05]} 28. Rc1 {[%emt 0:02:01]} Qb7 {[%emt 0:00:45]} 29. Bd6 {[%emt 0:00:32]} 1-0

[Event "Groningen Festival 2019-A"]
[Site "Groningen"]
[Date "2019.12.22"]
[Round "2.8"]
[White "Simet, Martin"]
[Black "Beerdsen, Thomas"]
[Result "0-1"]
[WhiteElo "2257"]
[BlackElo "2482"]
[Annotator "ChessBase"]
[PlyCount "34"]
[EventDate "2019.12.15"]
[EventType "swiss"]
[EventCountry "NED"]
[SourceTitle "playchess.com"]
[Source "ChessBase"]
[SourceQuality "1"]
[TimeControl "40/5400+30:1800+30"]

1. d4 {[%emt 0:00:00]} d5 {[%emt 0:00:00]} 2. Bf4 {[%emt 0:00:00]} c5 {[%emt 0:00:00]} 3. e3 {[%emt 0:00:11]} cxd4 {[%emt 0:00:03]} 4. exd4 {[%emt 0:00:14]} Nc6 {[%emt 0:00:07]} 5. c3 {[%emt 0:02:02]} f6 {[%emt 0:00:06]} 6. Bd3 {[%emt 0:06:57]} e5 {[%emt 0:00:15]} 7. dxe5 {[%emt 0:02:51]} fxe5 {[%emt 0:00:32]} 8. Bg3 {[%emt 0:05:43]} Nf6 {[%emt 0:01:01]} 9. Ne2 {[%emt 0:02:59]} Bc5 {[%emt 0:08:15]} 10. Bb5 {[%emt 0:04:59]} O-O {[%emt 0:01:39]} 11. Nd2 {[%emt 0:11:37]} Ng4 {[%emt 0:04:35]} 12. Qa4 {[%emt 0:03:12]} Bxf2+ {[%emt 0:05:30]} 13. Bxf2 {[%emt 0:02:13]} Nxf2 {[%emt 0:00:06]} 14. Rf1 {[%emt 0:01:25]} Qb6 {[%emt 0:00:50]} 15. Qh4 {[%emt 0:00:23]} Qxb5 {[%emt 0:00:43]} 16. Rxf2 {[%emt 0:00:02]} Rxf2 {[%emt 0:00:13]} 17. Qxf2 {[%emt 0:00:06]} Qxb2 {[%emt 0:05:17]} 0-1

[Event "Groningen Festival 2019-A"]
[Site "Groningen"]
[Date "2019.12.22"]
[Round "2.9"]
[White "Vrolijk, Liam"]
[Black "Hilverda, Alexander"]
[Result "1-0"]
[WhiteElo "2467"]
[BlackElo "2294"]
[Annotator "ChessBase"]
[PlyCount "59"]
[EventDate "2019.12.15"]
[EventType "swiss"]
[EventCountry "NED"]
[SourceTitle "playchess.com"]
[Source "ChessBase"]
[SourceQuality "1"]
[TimeControl "40/5400+30:1800+30"]

1. d4 {[%emt 0:04:26]} d5 {[%emt 0:00:05]} 2. c4 {[%emt 0:00:10]} e6 {[%emt 0:00:04]} 3. Nf3 {[%emt 0:00:41]} Nf6 {[%emt 0:00:05]} 4. g3 {[%emt 0:00:14]} Be7 {[%emt 0:01:42]} 5. Bg2 {[%emt 0:00:09]} O-O {[%emt 0:00:06]} 6. Nc3 {[%emt 0:00:06]} dxc4 {[%emt 0:03:32]} 7. Ne5 {[%emt 0:01:35]} c5 {[%emt 0:01:59]} 8. dxc5 {[%emt 0:00:11]} Bxc5 {[%emt 0:01:33]} 9. O-O {[%emt 0:05:06]} Nbd7 {[%emt 0:03:10]} 10. Nxc4 {[%emt 0:01:51]} Nb6 {[%emt 0:00:40]} 11. Be3 {[%emt 0:07:05]} Bxe3 {[%emt 0:00:29]} 12. Nxe3 {[%emt 0:00:09]} Rb8 {[%emt 0:01:10]} 13. Qb3 {[%emt 0:06:57]} Bd7 {[%emt 0:03:14]} 14. Qa3 {[%emt 0:04:48]} Nc8 {[%emt 0:03:16]} 15. Rfd1 {[%emt 0:04:47]} Qe7 {[%emt 0:01:27]} 16. Qa5 {[%emt 0:02:27]} Bc6 {[%emt 0:03:37]} 17. Qe5 {[%emt 0:02:06]} Nb6 {[%emt 0:02:11]} 18. Nf5 {[%emt 0:09:20]} Qb4 {[%emt 0:00:22]} 19. a3 {[%emt 0:05:17]} Qxb2 {[%emt 0:05:25]} 20. Ra2 {[%emt 0:12:27]} Qb3 {[%emt 0:04:10]} 21. Rb1 {[%emt 0:03:00]} Qc4 {[%emt 0:00:40]} 22. Rb4 {[%emt 0:05:24]} Nbd7 {[%emt 0:11:10]} 23. Ne7+ {[%emt 0:04:09]} Kh8 {[%emt 0:00:17]} 24. Qxb8 {[%emt 0:01:20]} Qxc3 {[%emt 0:00:26]} 25. Qd6 {[%emt 0:01:19]} Bxg2 {[%emt 0:20:30]} 26. Kxg2 {[%emt 0:00:03]} Re8 {[%emt 0:00:18]} 27. Rxb7 {[%emt 0:04:30]} Rxe7 {[%emt 0:02:08]} 28. Rc7 {[%emt 0:00:24]} Qb3 {[%emt 0:01:41]} 29. Qxe7 {[%emt 0:00:39]} Qxa2 {[%emt 0:01:11]} 30. Qxd7 {[%emt 0:01:36]} 1-0

[Event "Groningen Festival 2019-A"]
[Site "Groningen"]
[Date "2019.12.22"]
[Round "2.10"]
[White "Zhou, Guijue"]
[Black "Ulybin, Mikhail"]
[Result "0-1"]
[WhiteElo "2238"]
[BlackElo "2453"]
[Annotator "ChessBase"]
[PlyCount "84"]
[EventDate "2019.12.15"]
[EventType "swiss"]
[EventCountry "NED"]
[SourceTitle "playchess.com"]
[Source "ChessBase"]
[SourceQuality "1"]
[TimeControl "40/5400+30:1800+30"]

1. e4 {[%emt 0:00:00]} e6 {[%emt 0:02:48]} 2. d4 {[%emt 0:00:00]} d5 {[%emt 0:01:04]} 3. Nc3 {[%emt 0:00:00]} Nf6 {[%emt 0:02:34]} 4. e5 {[%emt 0:00:00]} Nfd7 {[%emt 0:01:01]} 5. Nce2 {[%emt 0:00:05]} c5 {[%emt 0:02:22]} 6. c3 {[%emt 0:00:15]} cxd4 {[%emt 0:03:54]} 7. cxd4 {[%emt 0:00:14]} f6 {[%emt 0:01:29]} 8. f4 {[%emt 0:06:27]} fxe5 {[%emt 0:01:47]} 9. fxe5 {[%emt 0:06:35]} Qh4+ {[%emt 0:02:08]} 10. Ng3 {[%emt 0:00:40]} Bb4+ {[%emt 0:01:10]} 11. Kf2 {[%emt 0:01:51]} O-O+ {[%emt 0:02:32]} 12. Nf3 {[%emt 0:00:13]} Nc6 {[%emt 0:01:16]} 13. Be3 {[%emt 0:01:51]} Ba5 {[%emt 0:05:41]} 14. Bb5 {[%emt 0:07:40]} Bb6 {[%emt 0:17:28]} 15. Bxc6 {[%emt 0:03:12]} bxc6 {[%emt 0:00:21]} 16. b4 {[%emt 0:02:34]} a5 {[%emt 0:11:31]} 17. a3 {[%emt 0:03:14]} axb4 {[%emt 0:02:54]} 18. axb4 {[%emt 0:00:16]} Ba6 {[%emt 0:06:29]} 19. Qd2 {[%emt 0:02:37]} h6 {[%emt 0:11:30]} 20. Kg1 {[%emt 0:09:43]} Qg4 {[%emt 0:02:34]} 21. Qf2 {[%emt 0:06:26]} Bc4 {[%emt 0:04:43]} 22. Rxa8 {[%emt 0:00:23]} Rxa8 {[%emt 0:00:09]} 23. h3 {[%emt 0:00:25]} Qg6 {[%emt 0:00:50]} 24. Kh2 {[%emt 0:02:24]} Ra2 {[%emt 0:01:09]} 25. Qe1 {[%emt 0:00:46]} Bd8 {[%emt 0:08:50]} 26. Rg1 {[%emt 0:00:22]} Be7 {[%emt 0:01:16]} 27. Bd2 {[%emt 0:02:59]} Bd3 {[%emt 0:02:47]} 28. Qc1 {[%emt 0:03:28]} Rc2 {[%emt 0:00:28]} 29. Qd1 {[%emt 0:00:24]} Nb6 {[%emt 0:00:51]} 30. Ne1 {[%emt 0:01:52]} Bh4 {[%emt 0:00:46]} 31. Bf4 {[%emt 0:00:38]} Rc3 {[%emt 0:00:35]} 32. Ne2 {[%emt 0:03:23]} Bxe2 {[%emt 0:00:26]} 33. Qxe2 {[%emt 0:00:19]} Nc4 {[%emt 0:00:22]} 34. Nf3 {[%emt 0:08:47]} Be7 {[%emt 0:00:19]} 35. Ra1 {[%emt 0:02:00]} Rc2 {[%emt 0:00:26]} 36. Qf1 {[%emt 0:00:05]} Qe4 {[%emt 0:00:47]} 37. Ra8+ {[%emt 0:07:24]} Kh7 {[%emt 0:00:08]} 38. Bxh6 {[%emt 0:00:17]} Kxh6 {[%emt 0:00:38]} 39. Rh8+ {[%emt 0:00:46]} Kg6 {[%emt 0:00:09]} 40. h4 {[%emt 0:00:08]} Qf4+ {[%emt 0:00:46]} 41. Kh1 {[%emt 0:30:14]} Rc1 {[%emt 0:30:37]} 42. h5+ {[%emt 0:01:22]} Kf7 {[%emt 0:00:29]} 0-1

[Event "Groningen Festival 2019-A"]
[Site "Groningen"]
[Date "2019.12.22"]
[Round "2.11"]
[White "Lubbe, Nikolas"]
[Black "Danada, Tomas"]
[Result "1-0"]
[WhiteElo "2451"]
[BlackElo "2271"]
[Annotator "TA"]
[PlyCount "99"]
[EventDate "2019.12.15"]
[EventType "swiss"]
[EventCountry "NED"]
[SourceTitle "playchess.com"]
[Source "ChessBase"]
[SourceQuality "1"]

{[%evp 9,99,24,50,0,9,0,25,0,0,0,35,52,76,11,34,34,94,42,41,29,39,32,34,31,19,-19,-3,0,-10,-84,-14,-15,-12,-47,-26,-54,-65,-65,-57,-68,-39,-43,-43,-28,-27,-109,-70,-93,-64,-66,-58,-73,-41,-75,347,352,340,334,354,325,317,280,312,237,258,264,281,273,265,157,352,333,380,375,577,585,583,581,620,591,589,564,1018,1013,1739,1075,5521,5522,29994,29995,29998,29999]} 1. c4 e5 2. g3 c6 3. d4 e4 4. Nc3 (4. Qa4 d5 5. cxd5 Nf6 6. Nc3 b5 7. Qc2 Bb4 8. Bg5 cxd5 9. e3 a6 10. a4 h6 11. Bxf6 Qxf6 12. axb5 {1-0 (39) Anton Guijarro,D (2674)-Sunilduth Lyna,N (2611) Khanty-Mansiysk 2019}) 4... d5 5. Bg2 h6 6. Qa4 {White wants to play cxd5. A20: English Opening: 1...e5} Nd7 7. cxd5 Nb6 {[%mdl 64] [#] Double Attack} 8. Qb3 {Threatens to win with dxc6.White has an edge.} cxd5 9. f3 exf3 10. Nxf3 Nf6 11. O-O (11. Ne5 $16) 11... Bd6 $146 12. a4 {aiming for a5.} Be6 ({Black should try} 12... a5 $14) 13. a5 (13. Qb5+ $16 Kf8 14. Ne5) 13... Nc4 $14 14. Qa4+ Bd7 15. Qa2 {Strongly threatening Nxd5!} Rc8 16. Nh4 Be6 17. Nf5 O-O 18. Nxd6 Nxd6 19. a6 {[#]} (19. Bxd5 $2 Nxd5 20. Nxd5 Ne4 $19) (19. Qb3 $11) 19... bxa6 (19... b6 $1 $17) 20. Qxa6 $11 Nde4 21. Qd3 Qb6 22. Na4 Qb4 23. b3 {Black should prevent Ba3.} Rfe8 24. Ba3 Qd2 25. Nc5 {[%cal Rc5e4]} Qg5 26. Bc1 Qh5 27. b4 (27. Rxa7 $11 {remains equal.} Bh3 28. Bxh3 Qxh3 29. e3 (29. Qf3 Nxc5 30. dxc5 Rxc5 $15)) 27... Bh3 ({And not} 27... Ng4 28. h3 $14) 28. e3 Ng4 {White must now prevent ...Bxg2.} 29. Bxh3 $1 Qxh3 {[%csl Gg4][%cal Rh3h2]} 30. Qe2 Rc7 31. Rf4 Nxg3 $2 {[%mdl 8192]} (31... Ngf6 $17) 32. Qxg4 $18 Qxg4 33. Rxg4 Nf5 34. Kf2 Rce7 35. Ra3 g5 36. Rd3 Nd6 37. Rg1 f5 38. h4 g4 39. Kg3 ({White should play} 39. Ra3 $18) 39... Kf7 $2 (39... f4+ $16 40. Kxf4 (40. exf4 h5 $16) 40... h5) 40. Rf1 Kg6 41. Ra3 Nc4 (41... Rf8 $142 42. Ra5 Rf6) 42. Ra6+ Nb6 43. Rf2 Kf6 44. b5 Kg6 45. Kg2 Kh5 46. Rxf5+ Kxh4 47. Ra1 Nc4 48. e4 {[%mdl 64] Discovered Attack} g3 49. Bxh6 Kg4 50. Rg5+ {Accuracy: White = 52%, Black = 39%.} 1-0

[Event "Groningen Festival 2019-A"]
[Site "Groningen"]
[Date "2019.12.22"]
[Round "2.12"]
[White "Varshini, V."]
[Black "Davtyan, Artur"]
[Result "0-1"]
[WhiteElo "2227"]
[BlackElo "2437"]
[Annotator "TA"]
[PlyCount "106"]
[EventDate "2019.12.15"]
[EventType "swiss"]
[EventCountry "NED"]
[SourceTitle "playchess.com"]
[Source "ChessBase"]
[SourceQuality "1"]

{[%evp 17,106,-5,0,-17,-16,-16,-13,-19,-15,-26,-27,-31,-8,-8,-5,-37,-32,-42,-46,-31,-13,-13,-13,-13,-13,-14,-12,-8,-18,-18,-9,-11,-16,-26,0,-16,-24,-42,-31,-28,-44,-30,-35,-45,-38,-37,-22,-79,-64,-80,-52,-123,-123,-311,-308,-581,-715,-722,-713,-670,-700,-683,-681,-584,-227,-259,-263,-249,-263,-230,-185,-301,-279,-297,-272,-263,-240,-202,-166,-229,-218,-323,-311,-429,-438,-881,-893,-873,-869,-29994,-29987]} 1. d4 d5 2. Bf4 Nf6 3. e3 e6 4. Nd2 c5 5. c3 Nc6 {[%cal Bb8c6,Bc6e7,Be7f5][%mdl 32]} 6. Ngf3 Bd6 7. Bg3 O-O 8. Bd3 b6 9. Ne5 Bb7 10. f4 {D02: 1 d4 d5 2 Nf3 sidelines, including 2...Nf6 3 g3 and 2...Nf6 3 Bf4} (10. O-O Qc7 11. f4 Ne7 12. Qb1 Qc8 13. Bh4 Nf5 14. Bxf5 exf5 15. Bxf6 gxf6 16. Nef3 Qe6 17. Re1 Ba6 18. Nh4 cxd4 19. exd4 {1-0 (28) Korobov,A (2692)-Dominguez Perez,L (2739) Doha 2016}) 10... Ne7 11. Qf3 Nf5 12. Bf2 {The position is equal.} Be7 13. O-O $1 Nd6 14. Qh3 Nfe4 (14... c4 {is interesting.} 15. Bc2 Nfe4 16. g4 f6 17. Nef3 Qe8) 15. dxc5 bxc5 16. Nxe4 $146 (16. c4 {feels hotter.} dxc4 17. Ndxc4 Nxc4 18. Bxc4 Qc7 19. Bh4) ({Predecessor:} 16. Rad1 Qc8 17. c4 f6 {½-½ (30) Noiroux,K (2169)-Sterck,A (2191) Belgium 2016}) 16... dxe4 17. Be2 Qc7 18. c4 Rad8 19. Be1 f6 20. Ng4 $1 ({Reject} 20. Qxe6+ Kh8 $17) 20... f5 21. Ne5 Bf6 22. Bc3 Nf7 {[%cal Rf7e5]} 23. Qg3 $1 Nxe5 24. fxe5 Be7 25. Rad1 Bc6 26. Rxd8 Rxd8 27. h4 g6 28. h5 g5 29. h6 Be8 30. Qh3 Bg6 31. g4 {[%cal Rg4f5]} Rf8 32. gxf5 (32. Qg3 $11 {keeps the balance.}) 32... exf5 $17 33. Rd1 Qc6 34. Qh2 (34. Bh5 $15) 34... Qe6 $1 {White must now prevent ...f4.} 35. Bh5 $2 (35. Qg3 $17) 35... f4 $19 36. exf4 $2 (36. Rf1) 36... Rxf4 37. Be2 {[#]} Rg4+ $1 {[%mdl 512]} 38. Kf2 (38. Bxg4 Qxg4+) 38... Qf5+ 39. Ke1 Rh4 40. Qg2 e3 $2 (40... g4 {And now ...g3 would win.} 41. Rd5 g3) 41. Rd8+ Bxd8 42. Qd5+ Kf8 43. Qxd8+ {[#]} Be8 $1 44. Qd6+ {[#]} (44. Qd5 $142) 44... Kf7 $1 ({Stronger than} 44... Kg8 45. Qd5+ Kf8 46. Qxc5+ Kf7 47. Qd5+ Qe6 48. Qf3+ Kg8 49. Qxe3 $14) 45. Qd5+ Qe6 46. Qf3+ Kg6 47. Qxe3 Qe7 48. a3 (48. e6 $142 Kxh6 49. Qe5) 48... Kxh6 49. b4 (49. e6 {keeps fighting.}) 49... Rh1+ 50. Kf2 Qf7+ 51. Kg3 (51. Qf3 $142 Rh2+ 52. Ke1) 51... Qf5 52. Bg4 Qf1 {( -> ...Bc6)} 53. Qxc5 Rg1+ {Accuracy: White = 42%, Black = 75%.} 0-1

[Event "Groningen Festival 2019-A"]
[Site "Groningen"]
[Date "2019.12.23"]
[Round "3.1"]
[White "Beerdsen, Thomas"]
[Black "Krasenkow, Michal"]
[Result "1-0"]
[WhiteElo "2482"]
[BlackElo "2611"]
[Annotator "TA"]
[PlyCount "77"]
[EventDate "2019.12.15"]
[EventType "swiss"]
[EventCountry "NED"]
[SourceTitle "playchess.com"]
[Source "ChessBase"]
[SourceQuality "1"]

{[%evp 9,77,57,68,38,60,31,30,0,0,0,0,0,42,26,20,26,29,0,0,0,0,0,15,0,0,0,0,-9,0,12,6,12,82,62,64,61,224,237,237,233,215,118,123,125,226,223,216,209,271,271,415,393,388,409,519,519,641,639,633,622,599,595,752,458,455,429,5214,5003,2146,4133]} 1. e4 d6 2. d4 Nf6 3. Nc3 c6 4. f4 Qb6 5. Nf3 Bg4 6. a3 {B07: Pirc Defence: Miscellaneous Systems} (6. e5 Nd5 7. Nxd5 cxd5 8. c3 Nc6 9. Be2 e6 10. h3 Bf5 11. O-O Be7 12. Bd3 Bxd3 13. Qxd3 O-O {½-½ (57) Pilavov,G (2611)-Plokhotniuk,V (2380) Lagan 2019}) 6... e5 7. dxe5 dxe5 8. h3 $146 {White has an edge.} ({Predecessor:} 8. fxe5 Nfd7 9. Bf4 Bxf3 10. Qxf3 Qxb2 11. Ra2 Qb6 12. Bc4 Bc5 13. Bxf7+ Kxf7 {1-0 (29) Stachanczyk,J (2168)-Sroka,J (2093) Lublin 2006}) 8... Bxf3 $1 9. Qxf3 ({Of course not} 9. gxf3 Nh5 $17) 9... Nbd7 10. Bc4 Qc5 11. Bb3 exf4 12. Bxf4 Ne5 13. Bxe5 (13. Qe2 {keeps more tension.} O-O-O 14. Bd2 Nh5 15. Be3 Qa5 16. Qf2) 13... Qxe5 14. O-O-O Bd6 15. Rhf1 {aiming for Qe2.} O-O 16. Qf5 Rae8 17. g4 {[#] Black must now prevent g5.} Re7 18. g5 Nd7 19. g6 $1 hxg6 20. Qxg6 {Strongly threatening Rf5.} Bxa3 (20... Bb8 $11) 21. Kb1 $16 Nc5 22. Ba2 {Hoping for Rf5.} Bb4 $2 ({Black should try} 22... Ne6 $14 23. Qg4 g6) 23. Rf5 $40 {[%mdl 128] White attacks with force.} Bxc3 24. Rxe5 Bxe5 25. Rf1 (25. Qf5 $18) 25... Nd7 $16 26. h4 {[%mdl 1024] White has strong compensation.} Bf6 (26... Nf6 $16 {was necessary.}) 27. h5 $18 Kh8 28. Qf5 Rfe8 29. c3 b6 (29... Rd8 $142 30. Rd1 c5) 30. Rd1 Nf8 {[#]} 31. h6 $1 {[%mdl 512] And now hxg7+ would win.} Rxe4 (31... gxh6 32. Qxf6+) 32. Bxf7 {White is clearly winning.} R4e5 33. Qg4 {Threatens to win with hxg7+.} Rg5 34. Qf3 Re7 35. Bb3 Rd7 36. Rxd7 Nxd7 37. Qxc6 Nc5 (37... Ne5 $142 38. hxg7+ Kxg7 39. Qc7+ Kh6 40. Qxa7 b5) 38. Qe8+ (38. Bc2 $142 Rg1+ 39. Ka2 gxh6 40. Qxf6+ {[%mdl 64] Double Attack} Kg8 41. Bg6 Rxg6 42. Qxg6+ {[%mdl 64] Double Attack} Kf8 43. b4) 38... Kh7 39. Bc2+ {Accuracy: White = 59%, Black = 38%.} 1-0

[Event "Groningen Festival 2019-A"]
[Site "Groningen"]
[Date "2019.12.23"]
[Round "3.2"]
[White "Sargsyan, Shant"]
[Black "Vrolijk, Liam"]
[Result "1/2-1/2"]
[WhiteElo "2601"]
[BlackElo "2467"]
[Annotator "TA"]
[PlyCount "74"]
[EventDate "2019.12.15"]
[EventType "swiss"]
[EventCountry "NED"]
[SourceTitle "playchess.com"]
[Source "ChessBase"]
[SourceQuality "1"]

{[%evp 13,74,8,10,8,10,8,6,4,13,10,11,5,8,5,10,5,43,0,0,0,0,0,0,0,0,0,0,-5,0,0,0,0,0,-8,0,-7,0,0,0,0,16,0,0,0,0,0,13,0,0,0,0,0,0,0,0,0,0,0,0,0,0,0,0]} 1. Nf3 Nf6 2. c4 e6 3. d4 d5 4. Nc3 Be7 5. Bf4 O-O 6. e3 Nbd7 7. c5 Nh5 8. Bd3 {D37: Queen's Gambit Declined: 5 Bf4} Nxf4 9. exf4 b6 10. b4 a5 11. a3 c6 12. O-O Ba6 $146 (12... Qc7 13. g3 Ba6 14. Kg2 Bxd3 15. Qxd3 Ra7 {½-½ (40) Giri,A (2797)-Radjabov,T (2756) Shamkir 2019}) 13. Bxa6 Rxa6 14. Qe2 Qa8 {[#] And now ...axb4 would win.} 15. Rab1 axb4 {The position is equal.} 16. axb4 Ra3 17. Rfc1 Bf6 18. Ne5 Bxe5 19. fxe5 Rb8 20. Qc2 h6 21. g3 bxc5 22. bxc5 Rxb1 23. Qxb1 Qa5 24. Qb2 f6 25. exf6 Nxf6 26. Kg2 Kh8 27. h3 Kg8 28. Rc2 Qa6 29. Rc1 Qa5 30. g4 Nd7 31. h4 Qa8 32. Re1 e5 33. Nxd5 cxd5 34. c6 $1 {[%cal Rc6d7]} Qf8 {( -> ...Qf3+)} 35. cxd7 {Threatens to win with Qxa3!} Qf3+ {[%mdl 64] [#] Double Attack} 36. Kg1 Qxg4+ {[%mdl 64] Double Attack} 37. Kf1 Qh3+ {Accuracy: White = 60%, Black = 77%.} 1/2-1/2